MARC

LEADER 00000nam0a2200000 4500
001 258825
005 20231101233329.0
010 |a 5628001066 
035 |a (RuTPU)RU\TPU\book\281714 
090 |a 258825 
100 |a 20140428d1988 k y0rusy50 ca 
101 0 |a rus 
102 |a KZ 
105 |a y z 001zy 
200 1 |a Термохимия арсенатов щелочных металлов  |f Б. К. Касенов, Д. Н. Абишев, В. О. Бухарицын  |g Академия наук Казахской ССР (АН КазССР), Химико-металлургический институт (ХМИ) 
210 |a Алма-Ата  |c Наука  |d 1988 
215 |a 68 с. 
320 |a Библиогр.: с. 60-65. 
606 1 |a Щелочные металлы, арсенаты  |x Термохимия  |2 stltpush  |3 (RuTPU)RU\TPU\subj\19685  |9 44868 
610 1 |a образование 
610 1 |a энтальпиметрия 
610 1 |a энтропийная теория 
610 1 |a кристаллические решетки 
610 1 |a диссоциация 
610 1 |a энергия Гиббса 
675 |a 661.83  |v 3 
700 1 |a Касенов  |b Б. К.  |g Булат Кулнурович 
701 1 |a Абишев  |b Д. Н.  |g Джанторе Нурманович 
701 1 |a Бухарицын  |b В. О.  |g Валентин Олегович 
712 0 2 |a Академия наук Казахской ССР (АН КазССР)  |b Химико-металлургический институт (ХМИ)  |c (Караганда)  |2 stltpush  |3 (RuTPU)RU\TPU\col\7909 
801 1 |a RU  |b 63413507  |c 20140428 
801 2 |a RU  |b 63413507  |c 20180524  |g RCR 
942 |c BK